[Event "IND-chT IIT 57th"]
[Site "Indore"]
[Date "2024.12.10"]
[Round "1.3"]
[White "Siddharth, Sabharishankar"]
[Black "Aditya, Rawat"]
[Result "1-0"]
[WhiteElo "1990"]
[BlackElo "1828"]
[PlyCount "105"]
[EventDate "2024.12.10"]
[EventType "team-swiss"]
[EventRounds "7"]
[EventCountry "IND"]
[SourceTitle "CB04_2025"]
[SourceDate "2025.01.22"]
[SourceVersion "1"]
[SourceVersionDate "2025.01.22"]
[SourceQuality "1"]
[WhiteTeam "Kharagpur"]
[BlackTeam "Varanasi"]
[WhiteTeamCountry "IND"]
[BlackTeamCountry "IND"]

1. e4 c5 2. c3 d5 3. exd5 Qxd5 4. d4 g6 5. Nf3 Bg7 6. Be3 Nc6 7. Na3 cxd4 8. Nb5 Qd8 9. cxd4 a6 10. Nc3 Bg4 11. Be2 Nf6 12. h3 Bxf3 13. Bxf3 0-0 14. 0-0 Ne8 15. Bxc6 bxc6 16. Qa4 Qb6 17. Rfc1 Nd6 18. d5 c5 19. Qa3 Bd4 20. Na4 Qa5 21. Bxd4 cxd4 22. b4 Qb5 23. Rc5 Qe2 24. Qb2 Qe4 25. Rd1 Nb5 26. Qd2 Rad8 27. Re1 Qf5 28. d6 e5 29. Rexe5 Qf6 30. Nb2 Rxd6 31. Nc4 Re6 32. Rxe6 Qxe6 33. Ne5 Rd8 34. Ng4 h5 35. Qg5 hxg4 36. Qxd8+ Kg7 37. Rc8 g5 38. Qxg5+ Qg6 39. Qe5+ f6 40. Qe7+ Qf7 41. Qxf7+ Kxf7 42. hxg4 Ke7 43. Kf1 Kd7 44. Rc5 Kd6 45. Ke2 Nc3+ 46. Kd3 Nxa2 47. Rc4 Ke5 48. Rxd4 Nc1+ 49. Kc4 Ne2 50. Rd8 Kf4 51. Rd2 Ng1 52. Rd1 Ne2 53. Re1 1-0

[Event "Mumbai Wealth U13 op 5th"]
[Site "Mumbai"]
[Date "2020.01.07"]
[Round "9"]
[White "Aditya, Rawat"]
[Black "Arhan, Chethan Anand"]
[Result "1/2-1/2"]
[WhiteElo "1600"]
[BlackElo "1990"]
[PlyCount "82"]
[EventDate "2019.12.30"]
[EventType "swiss"]
[EventRounds "9"]
[EventCountry "IND"]
[SourceTitle "CBM 194 Extra"]
[Source "ChessBase"]
[SourceDate "2020.03.31"]
[SourceVersion "1"]
[SourceVersionDate "2020.03.31"]
[SourceQuality "1"]

1. c4 e5 2. g3 Nf6 3. Bg2 Nc6 4. Nf3 Bc5 5. 0-0 d6 6. Nc3 a6 7. e3 0-0 8. a3 Bf5 9. b4 Ba7 10. d3 Qd7 11. e4 Bg4 12. Be3 Nd4 13. Nb1 b5 14. Nbd2 bxc4 15. Nxc4 Rfe8 16. Rc1 h5 17. Bxd4 Bxd4 18. Qc2 Bxf3 19. Bxf3 h4 20. Kg2 Nh7 21. Qd2 Qe6 22. h3 Nf6 23. Ne3 Bxe3 24. Qxe3 hxg3 25. fxg3 Qa2+ 26. Be2 Qxa3 27. Rxc7 Rac8 28. Qc1 Qxc1 29. Rfxc1 Rxc7 30. Rxc7 Rb8 31. Rc6 Rxb4 32. Rxa6 d5 33. exd5 Nxd5 34. Ra5 Rd4 35. Bf3 Nf6 36. Be2 Rd5 37. Rxd5 Nxd5 38. Kf2 Kf8 39. Bf3 Nf6 40. Ke3 Ke7 41. d4 exd4+ 1/2-1/2